000 01181nam a22003857a 4500
001 BR0503226
003 BR-BrBNA
005 20230928101922.0
007 ta
008 230509b bl.||||| |||| 00| 0 por d
040 _aBR-BrBNA
_bpor
_cBiblioteca Nacional de Agricultura
041 _a(Por)
072 _aF01; F30
_b1910
_b5213
_b5214
090 _ 1910 BR0503226
100 1 _aCórdova, U. de A.
100 1 _aPrestes, N.E.
100 1 _aSantos, O.V. dos
100 1 _aZardo, V.F.
110 1 _aEmpresa de Pesquisa Agropecuária e Extensão Rural de Santa Catarina S.A., Florianópolis (Brasil)
245 1 _aMelhoramento e manejo de pastagens naturais no planalto catarinense
260 3 _aFlorianópolis, SC (Brasil):
_c2004.
300 _a274 p.
500 _aSeveral bibliography; 63 tables; 62 illus.
650 _aPASTAGEM NATURAL
650 _aGADO DE CORTE
650 _aGADO LEITEIRO
650 _aPRODUÇÃO VEGETAL
650 _aMELHORAMENTO GENÉTICO VEGETAL
650 _aSISTEMA DE PASTEJO
650 _aINTRODUÇÃO DE PLANTA
650 _aCUSTO
650 _aSANTA CATARINA
909 _a202309
_bLucia
_c55
_dLucia Elande
942 _cBK
999 _c68220
_d68220